Collected essays papers & c of Robert Bridges (Record no. 621663)

MARC details
000 -LEADER
fixed length control field 01326nam a2200373 a 4500
001 - CONTROL NUMBER
control field vtls001310513
003 - CONTROL NUMBER IDENTIFIER
control field NLI
005 - DATE AND TIME OF LATEST TRANSACTION
control field 20210627050302.0
008 - FIXED-LENGTH DATA ELEMENTS--GENERAL INFORMATION
fixed length control field 120608m1927uuuuenk 000 e eng
039 #9 - LEVEL OF BIBLIOGRAPHIC CONTROL AND CODING DETAIL [OBSOLETE]
-- 201206081730
-- VLOAD
040 ## - CATALOGING SOURCE
Original cataloging agency NLI
Language of cataloging eng
Transcribing agency Datasoft_IMP_S
Description conventions AACR2
041 0# - LANGUAGE CODE
Language code of text/sound track or separate title eng
044 ## - COUNTRY OF PUBLISHING/PRODUCING ENTITY CODE
MARC country code enk
084 ## - OTHER CLASSIFICATION NUMBER
Classification number 156
100 1# - MAIN ENTRY--PERSONAL NAME
Personal name Bridges, Robert
245 10 - TITLE STATEMENT
Title Collected essays papers & c of Robert Bridges
260 ## - PUBLICATION, DISTRIBUTION, ETC.
Place of publication, distribution, etc. London
Name of publisher, distributor, etc. Oxford University Press
Date of publication, distribution, etc. 1927-
300 ## - PHYSICAL DESCRIPTION
Extent -v.
Dimensions 19 cm.
500 ## - GENERAL NOTE
General note Library has 2-3, 5-30
505 0# - FORMATTED CONTENTS NOTE
Formatted contents note Vol. 2-3 Humdrum and harum scarum, a lecture on free verse III poetic diction.-v.5 George Darley.-v.6 The poems of Mary Coleridge.-v.7 Lord De Tabley's poems.-v.8 Dante on english literature.-v.9 The poems of Emily Bronte.-v.10 Dryden on Milton.-v.11
650 #0 - SUBJECT ADDED ENTRY--TOPICAL TERM
Topical term or geographic name entry element English essays
9 (RLIN) 682560
740 02 - ADDED ENTRY--UNCONTROLLED RELATED/ANALYTICAL TITLE
Uncontrolled related/analytical title Humdrum and harum scarum, a lecture on free verse III poetic diction
740 02 - ADDED ENTRY--UNCONTROLLED RELATED/ANALYTICAL TITLE
Uncontrolled related/analytical title George Darley
740 42 - ADDED ENTRY--UNCONTROLLED RELATED/ANALYTICAL TITLE
Uncontrolled related/analytical title The poems of Mary Coleridge
740 02 - ADDED ENTRY--UNCONTROLLED RELATED/ANALYTICAL TITLE
Uncontrolled related/analytical title Lord De Tabley's poems
740 02 - ADDED ENTRY--UNCONTROLLED RELATED/ANALYTICAL TITLE
Uncontrolled related/analytical title Dante on english literature
740 42 - ADDED ENTRY--UNCONTROLLED RELATED/ANALYTICAL TITLE
Uncontrolled related/analytical title The poems of Emily Bronte
740 02 - ADDED ENTRY--UNCONTROLLED RELATED/ANALYTICAL TITLE
Uncontrolled related/analytical title Studies in poetry
740 02 - ADDED ENTRY--UNCONTROLLED RELATED/ANALYTICAL TITLE
Uncontrolled related/analytical title Dryden on Milton
887 ## - NON-MARC INFORMATION FIELD
Content of non-MARC field
901 ## - LOCAL DATA ELEMENT A, LDA (RLIN)
a IMP108349
b 20.11.2010
9 v.21-26
902 ## - LOCAL DATA ELEMENT B, LDB (RLIN)
a 156 E 1333
942 ## - ADDED ENTRY ELEMENTS (KOHA)
Source of classification or shelving scheme Dewey Decimal Classification
Koha item type Books
Holdings
Withdrawn status Lost status Damaged status Not for loan Home library Current library Date acquired Total Checkouts Full call number Date last seen Price effective from Koha item type
        National Library of India National Library of India     156 E 1333 27/06/2021 27/06/2021 Books
                                                                           
web counter

Copyright ©2020 The National Library of India, Govt. of India ↔ Hosted by NVLI, MOC ↔ Technology and Design by National Library of India, Ministry of Culture, Govt. of India